000 00555nam a2200217Ia 4500
005 20260115172851.0
008 008 260114s9999 xx 000 0 eng d
020 _a9781108990707
037 _aEBOOK
040 _aCRL
_beng
_cCRL
041 _aeng
_2eng
084 _qCRL
100 _aBarclay
_9879656
245 0 _aAcademic Emotions
260 _bCambridge University Press
260 _bCambridge University Press
260 _c2021
856 _uhttps://doi.org/10.1017/9781108990707
942 _cEBOOK
999 _c1478262
_d1478262